Sports Quiz

Random Sports or Food Quiz
Score 0/20 Timer 06:00
1 Play Today
% Correct
Los Angeles Lakers
98.2%
Boston Red Sox
97.1%
New England Patriots
96.3%
Pittsburgh Steelers
92.3%
Carolina Panthers
91.2%
Denver Broncos
90.6%
Philadelphia Eagles
88.6%
Miami Heat
87.9%
New Jersey Devils
86.4%
San Antonio Spurs
83.9%
% Correct
Toronto Raptors
81.8%
Cleveland Cavaliers
81.7%
St. Louis Cardinals
79.8%
Arizona Diamondbacks
79.1%
Seattle Mariners
77.7%
Detroit Tigers
76.8%
Winnipeg Jets
71.4%
Montreal Canadiens
63.7%
Vancouver Canucks
58.1%
Columbus Blue Jackets
51.6%
Remove Ads.
Support Sporcle.
Get the best of Sporcle when you Go Orange. This ad-free experience offers more features, more stats, and more fun while also helping to support Sporcle. Thank you for becoming a member.

You're not logged in!

Compare scores with friends on all Sporcle quizzes.
OR
Log In

Show Comments

Extras

Top Quizzes Today


Score Distribution

Your Account Isn't Verified!

In order to create a playlist on Sporcle, you need to verify the email address you used during registration. Go to your Sporcle Settings to finish the process.

Report this User

Report this user for behavior that violates our Community Guidelines.

Details: